| 000 | 01757nam a2200505 i 4500 | ||
|---|---|---|---|
| 001 | 40235 | ||
| 003 | KOSZ 005 | ||
| 005 | 20190906093035.0 | ||
| 008 | 020207s2001 pl a f f |000 0 pol | ||
| 015 | _aPB 2002/2350 | ||
| 020 | _a8371991649 | ||
| 035 | _a991017625709705066 | ||
| 035 | _a(PL-WaBN)b1476720x-48omnis_nlop | ||
| 035 | _ab1476720x | ||
| 035 | _a(OCoLC)749277895 | ||
| 035 | _a(PL)b0000001476720 | ||
| 035 | _a(EXLNZ-48OMNIS_NETWORK)9910144712305606 | ||
| 040 |
_aWA N _cWA N _dKOsz 005/HR |
||
| 041 | 0 | _apol | |
| 046 | _k2001 | ||
| 080 | _a628.1 | ||
| 080 | _a(075.8) | ||
| 100 | 1 |
_aGranops, Marian _d(1938- ) _eAutor |
|
| 245 | 1 | 0 |
_aTechnologia wody : _blaboratorium = Water technology : laboratory handbook / _cMarian Granops, Jadwiga Kaleta. |
| 246 | 3 | 1 | _aWater technology |
| 260 |
_aRzeszów : _bOficyna Wydawnicza Politechniki Rzeszowskiej, _c[2001]. |
||
| 300 |
_a198 s. : _bil. ; _c24 cm. |
||
| 336 |
_2rdacontent _aTekst _btxt |
||
| 337 |
_2rdamedia _aBez urządzenia pośredniczącego _bn |
||
| 338 |
_2rdacarrier _aWolumin _bnc |
||
| 380 | _aKsiążki | ||
| 380 | _aPublikacje dydaktyczne | ||
| 385 |
_mPoziom nauczania _aSzkoły wyższe |
||
| 388 | _a2001- | ||
| 504 | _aBibliogr. | ||
| 521 | 8 | _aSkrypt dla studentów Wydz. Budownictwa i Inżynierii Środowiska. | |
| 650 | 7 |
_aUzdatnianie wody _2DBN |
|
| 655 | 7 |
_aPodręczniki akademickie _2DBN |
|
| 658 | _aInżynieria i technika | ||
| 700 | 1 |
_aKaleta, Jadwiga _c(nauki techniczne) _eAutor |
|
| 710 | 2 |
_aOficyna Wydawnicza Politechniki Rzeszowskiej _4pbl |
|
| 856 |
_uhttp://koha.tu.koszalin.pl/cgi-bin/koha/opac-detail.pl?biblionumber=40235 _yKatalog online BPK |
||
| 942 |
_2UKD _cKS |
||
| 999 |
_c40235 _d40235 |
||